| 000 | 01602nam2a22003491 4500 | ||
|---|---|---|---|
| 001 | rc\3018695 | ||
| 005 | 20250809113244.0 | ||
| 035 | _a(NLR Aleph) 007160904 | ||
| 090 |
_a88625 _c88625 |
||
| 100 | _a20110926d1941 u y0rusy50 ca | ||
| 101 | 0 | _arus | |
| 102 | _aRU | ||
| 105 | _acah z ||||| | ||
| 200 | 1 |
_aЛитература первой половины XIX века, Ч. 1 _f[Авторы: Н.П. Верховский, Ц.С. Вольпе, В.А. Гофман и др.] _gРед.: проф. В.В. Гиппиус, проф. В.А. Десницкий, Б.С. Мейлах |
|
| 210 | _d1941 | ||
| 215 |
_a2 т. л., 440 с., 8 вкл. л. портр. _cил., факс., портр. |
||
| 461 | 0 |
_1001rc\3018689 _12001#$aИстория русской литературы$fГл. ред.: чл.-кор. П.И. Лебедев-Полянский (пред.), акад. А.С. Орлов, акад. А.Н. Толстой [и др.]$gАкад. нук СССР, Ин-т лит.(Пушкинский дом)$vТ. 5 |
|
| 700 | 1 |
_aВерховский _bН.П. |
|
| 701 | 1 |
_aВольпе _bЦ.С. |
|
| 701 | 1 |
_aГофман _bВ.А. |
|
| 702 | 1 |
_aГиппиус _bВ.В. _gВасилий Васильевич _4340 |
|
| 702 | 1 |
_aДесницкий _bВ.А. _4340 |
|
| 702 | 1 |
_aМейлах _bБ.С. _4340 |
|
| 801 | 0 |
_aRU _bNLR _gpsbo |
|
| 801 | 1 |
_aRU _bELAR _2rusmarc |
|
| 852 |
_aNLR _jЛ20 Г-7/3(5) |
||
| 852 |
_aNLR _bМф _jК1/8737 |
||
| 852 |
_aNLR _jКрII/4102(5/1) |
||
| 942 | _cBOOK | ||
| 945 | _aРоссийская национальная библиотека | ||
| 980 | _aBV | ||